Common Sense Economics: (Record no. 530099)

000 -LEADER
fixed length control field 00422nam a22001457a 4500
003 - CONTROL NUMBER IDENTIFIER
control field NUST
020 ## - INTERNATIONAL STANDARD BOOK NUMBER
International Standard Book Number 9789699515231
Qualifying information H/B.
038 ## - RECORD CONTENT LICENSOR
Staff Name waseem
082 ## - DEWEY DECIMAL CLASSIFICATION NUMBER
Classification number 330
Author Mark MEH
100 ## - MAIN ENTRY--PERSONAL NAME
Personal name Mehar, Ayub
9 (RLIN) 23449
245 ## - TITLE STATEMENT
Title Common Sense Economics:
Remainder of title What Everyone Should Know about Wealth and Prosperity /
Statement of responsibility, etc. Ayub Mehar
260 ## - PUBLICATION, DISTRIBUTION, ETC.
Place of publication, distribution, etc. Islamabad :
Name of publisher, distributor, etc. Economic Freedom Network Pakistan,
Date of publication, distribution, etc. 2012.
300 ## - PHYSICAL DESCRIPTION
Extent 199 p. ;
942 ## - ADDED ENTRY ELEMENTS (KOHA)
Source of classification or shelving scheme
Koha item type Book
Holdings
Withdrawn status Lost status Source of classification or shelving scheme Damaged status Not for loan Permanent Location Current Location Shelving location Date acquired Source of acquisition Total Checkouts Total Renewals Full call number Barcode Date last seen Date last checked out Price effective from Koha item type
          Central Library (CL) Central Library (CL) Economics 10/10/2019 Donation 2 5 330 MEH CL-D-654 04/14/2026 10/04/2022 10/10/2019 Book
          Central Library (CL) Central Library (CL) Economics 10/10/2019 Donation 2   330 MEH CL-D-655 08/30/2025 08/29/2025 10/10/2019 Book
© 2023 Central Library, National University of Sciences and Technology. All Rights Reserved.